Loading...

സൂര്യകിരീടം /

Bibliographic Details
Main Author: മല്ലികാ യൂനിസ്
Other Authors: Mallika Younis
Format: Printed Book
Language:English
Published: കൊല്ലം : കീര്‍ത്തി ബുക്സ്, 2011.
Subjects:
LEADER 00681nam a22001697a 4500
008 141127b xxu||||| |||| 00| 0 eng d
082 |a 894.13 MAL 
100 |a മല്ലികാ യൂനിസ് 
240 |a Sooryakireedom 
245 |a സൂര്യകിരീടം /  |c മല്ലികാ യൂനിസ് 
260 |a കൊല്ലം :  |b കീര്‍ത്തി ബുക്സ്,  |c 2011. 
300 |a 183p. 
650 |a Novel 
700 |a Mallika Younis 
942 |2 ddc  |c BK 
999 |c 8482  |d 8482 
952 |0 0  |1 0  |2 ddc  |4 0  |6 894_130000000000000_MAL  |7 0  |9 12178  |a MAIN  |b MAIN  |d 2014-11-27  |e D C Books  |g 150.00  |l 5  |o 894.13 MAL  |p 12213  |r 2018-08-30  |s 2018-08-21  |t 1  |w 2014-11-27  |y BK